K kirillo-mefodievskoj tradicii v Vengrii

Elmentve itt :
Bibliográfiai részletek
Szerző: H. Tóth Imre
Dokumentumtípus: Cikk
Megjelent: 1994
Sorozat:Hungaro-Bulgarica 5b
Kulcsszavak:Cirill, Szent, Metód, Szent, Kultúra - szláv - bizánci - hatása - Magyarország - 9. sz.
Tárgyszavak:
Online Access:http://acta.bibl.u-szeged.hu/45142
LEADER 00769nab a2200205 i 4500
001 acta45142
005 20251209150233.0
008 170407s1994 hu o 000 rus d
020 |a 963 4482 023 9 
040 |a SZTE Egyetemi Kiadványok Repozitórium  |b hun 
041 |a rus 
100 2 |a H. Tóth Imre 
245 1 0 |a K kirillo-mefodievskoj tradicii v Vengrii  |h [elektronikus dokumentum] /  |c  H. Tóth Imre 
260 |c 1994 
300 |a 123-135 
490 0 |a Hungaro-Bulgarica  |v 5b 
650 4 |a Bölcsészettudományok 
650 4 |a Történettudomány és régészet 
695 |a Cirill, Szent, Metód, Szent, Kultúra - szláv - bizánci - hatása - Magyarország - 9. sz. 
856 4 0 |u http://acta.bibl.u-szeged.hu/45142/1/hungaro-bulgarica_005b_123-135.pdf  |z Dokumentum-elérés